000 00296nam a22001337a 4500
008 171010b xxu||||| |||| 00| 0 eng d
020 _a9780070669970
041 _aeng
080 _25 ED
_a316
100 _a50
101 _aSOC
245 _aHUMAN DEVELOPMENT
_cVANDER.J.W
942 _2udc
_cBK
999 _c32925
_d32925